000 00875nam a2200217Ia 4500
003 Ost
005 20260507074947.0
008 260507s9999||||xx |||||||||||||| ||und||
020 _a9774100417
040 _cfsecg
041 _aara
082 _a658.8
100 _aجبر، أحمد
_eمؤلف
245 0 _aادارة التسويق :
_bالمفاهيم -الاستراتيجيات -التطبيقات /
_c أحمد جبر
260 _aالقاهرة:
_bالمكتبة العصرية للنشر والتوزيع,
_c2007
300 _a472 صفحة؛
_bإيضاحات ؛
_c25 سم
504 _aببلوغرافيا:ص.469-472
520 _aالبيئة التسويقية ،العملاء واستراتيجيات السوق،الإستراتيجيات التسويقية،التخطيط والرقابة
653 _aإدارة التسويق
942 _cكتاب
999 _c41969
_d41969